[Event "ENCI Limburg-open A"]
[Site "Maastricht"]
[Date "2012.05.25"]
[Round "1"]
[White "Akstinat, Sven Holger"]
[Black "Zilverberg, Jasper"]
[Result "0-1"]
[WhiteElo "2122"]
[BlackElo "2036"]
[PlyCount "114"]
[EventDate "2012.05.25"]
[EventType "swiss"]
[EventRounds "7"]
[EventCountry "NED"]
[Source "P.Boonen"]
[SourceDate "2013.01.01"]

1. e4 c5 2. c3 Nf6 3. e5 Nd5 4. d4 cxd4 5. Nf3 e6 6. cxd4 b6 7. Nc3 Nxc3 8.
bxc3 Qc7 9. Qb3 Bb7 10. Ba3 d6 11. Bd3 Be7 12. O-O Bxf3 13. exd6 Bxd6 14. Bxd6
Qxd6 15. gxf3 O-O 16. Be4 Nc6 17. Rad1 Rac8 18. d5 exd5 19. Rxd5 Qf6 20. c4 Ne7
21. Rd7 Rc5 22. Qd3 Ng6 23. Bxg6 hxg6 24. Re1 Rfc8 25. Rd4 Rf5 26. Kg2 Rxf3 27.
Rd8+ Qxd8 28. Qxd8+ Rxd8 29. Kxf3 Kf8 30. Re3 Rc8 31. Re4 Rc5 32. h4 Ra5 33.
Re2 Ra4 34. Rc2 Ke7 35. Ke4 b5 36. Kd5 bxc4 37. Kc5 c3 38. Kb5 Rxh4 39. Rxc3
Rf4 40. f3 a6+ 41. Ka5 Kd6 42. a3 g5 43. Kxa6 g4 44. fxg4 Rxg4 45. Kb5 f5 46.
a4 f4 47. a5 Rg3 48. Rc4 g5 49. a6 Ra3 50. Rc6+ Ke5 51. Rg6 Kf5 52. Rg8 g4 53.
Kb6 f3 54. a7 Kf4 55. Rf8+ Kg3 56. a8=Q Rxa8 57. Rxa8 f2 0-1

[Event "ENCI Limburg-open A"]
[Site "Maastricht"]
[Date "2012.05.25"]
[Round "1"]
[White "Bekker, Stefan"]
[Black "Driessens, Patrick"]
[Result "1/2-1/2"]
[WhiteElo "2175"]
[BlackElo "2328"]
[PlyCount "77"]
[EventDate "2012.05.25"]
[EventType "swiss"]
[EventRounds "7"]
[EventCountry "NED"]
[Source "P.Boonen"]
[SourceDate "2013.01.01"]

1. e4 e6 2. d4 d5 3. Nd2 dxe4 4. Nxe4 Bd7 5. Nf3 Bc6 6. Bd3 Nd7 7. O-O Ngf6 8.
Qe2 Be7 9. Bg5 O-O 10. Rfe1 h6 11. Bh4 Nxe4 12. Bxe7 Qxe7 13. Bxe4 Bxe4 14.
Qxe4 c6 15. c4 Rfd8 16. Rad1 Nf6 17. Qe2 Rd6 18. Rd2 Rad8 19. Red1 Qc7 20. b3
Qa5 21. Qe5 Qb4 22. Qc5 a5 23. Qe5 a4 24. Qc5 Qxc5 25. dxc5 Rxd2 26. Rxd2 Rxd2
27. Nxd2 axb3 28. axb3 Kf8 29. Kf1 Ke7 30. Ke2 g5 31. h3 Nd7 32. b4 Ne5 33. Ke3
f5 34. g3 Ng6 35. Nb3 Kd7 36. f4 gxf4+ 37. gxf4 Nh4 38. Kf2 Ng6 39. Ke3 1/2-1/2

[Event "ENCI Limburg-open A"]
[Site "Maastricht"]
[Date "2012.05.25"]
[Round "1"]
[White "Beukema, Stefan"]
[Black "Jagodzinsky, Andreas"]
[Result "1-0"]
[WhiteElo "2292"]
[BlackElo "2163"]
[PlyCount "93"]
[EventDate "2012.05.25"]
[EventType "swiss"]
[EventRounds "7"]
[EventCountry "NED"]
[Source "P.Boonen"]
[SourceDate "2013.01.01"]

1. e4 e6 2. d4 d5 3. Nc3 Nf6 4. Bg5 Be7 5. e5 Nfd7 6. h4 Nc6 7. Nf3 Nb6 8. a4
h6 9. Bxe7 Nxe7 10. h5 a6 11. a5 Nd7 12. b4 b6 13. axb6 cxb6 14. b5 a5 15. Bd3
O-O 16. Qd2 f6 17. exf6 Rxf6 18. O-O-O Qc7 19. Rde1 Qd6 20. Na2 Bb7 21. Ne5
Nxe5 22. Rxe5 Nf5 23. c3 Qa3+ 24. Kb1 Nd6 25. f3 Nc4 26. Bxc4 dxc4 27. Rhe1 Bd5
28. Nc1 Qd6 29. Ne2 Raf8 30. Ng3 Qd7 31. Qb2 Ra8 32. Ka2 a4 33. Qb4 Ra5 34. Rb1
Rf8 35. Ne4 Rd8 36. Nc5 Qd6 37. Rbe1 bxc5 38. Qxa5 Ra8 39. Rxe6 Qd7 40. Re7 Qf5
41. Re8+ Kh7 42. Rxa8 Qc2+ 43. Ka1 Bxa8 44. dxc5 Qb3 45. Qb4 a3 46. Qxb3 cxb3
47. c6 1-0

[Event "ENCI Limburg-open A"]
[Site "Maastricht"]
[Date "2012.05.25"]
[Round "1"]
[White "Bijlsma, Nick"]
[Black "Ducarmon, Renzo"]
[Result "1/2-1/2"]
[WhiteElo "2151"]
[BlackElo "2047"]
[PlyCount "86"]
[EventDate "2012.05.25"]
[EventType "swiss"]
[EventRounds "7"]
[EventCountry "NED"]
[Source "P.Boonen"]
[SourceDate "2013.01.01"]

1. e4 c5 2. Nf3 d6 3. d4 cxd4 4. Nxd4 Nf6 5. Nc3 e6 6. Be2 Be7 7. Be3 O-O 8.
O-O Nc6 9. Kh1 Bd7 10. f4 Nxd4 11. Qxd4 Bc6 12. Rad1 a6 13. e5 dxe5 14. Qxe5
Qb8 15. Bf3 Bxf3 16. Rxf3 Qxe5 17. fxe5 Ng4 18. Rd7 Nxe3 19. Rxe7 Nc4 20. Rxb7
Nxe5 21. Rf4 Rab8 22. Rfb4 Nc6 23. Rxb8 Rxb8 24. Rxb8+ Nxb8 25. Ne4 Nc6 26. a3
a5 27. c3 Kf8 28. b4 axb4 29. cxb4 Ke7 30. Kg1 f5 31. Nc3 Nd4 32. Kf2 Kd6 33.
a4 g5 34. b5 Kc5 35. Ke3 e5 36. Ne2 Nb3 37. Kd3 Kb4 38. Nc3 Nc5+ 39. Kd2 e4 40.
g3 Nb3+ 41. Kc2 Nd4+ 42. Kd2 Nb3+ 43. Kc2 Nd4+ 1/2-1/2

[Event "ENCI Limburg-open A"]
[Site "Maastricht"]
[Date "2012.05.25"]
[Round "1"]
[White "Braun, Christian1"]
[Black "In 't Veld, Daan"]
[Result "1-0"]
[WhiteElo "2384"]
[BlackElo "2215"]
[PlyCount "131"]
[EventDate "2012.05.25"]
[EventType "swiss"]
[EventRounds "7"]
[EventCountry "NED"]
[Source "P.Boonen"]
[SourceDate "2013.01.01"]

1. e4 c5 2. Nf3 e6 3. d3 d5 4. Nbd2 Nc6 5. g3 Bd6 6. Bg2 Nge7 7. O-O O-O 8. Re1
Bc7 9. b3 Rb8 10. Ba3 b6 11. exd5 Nxd5 12. Bb2 f6 13. a3 e5 14. c3 Nde7 15. Qc2
Bf5 16. Ne4 a5 17. Rad1 Bg4 18. a4 Qc8 19. Rc1 Qa6 20. Nfd2 Kh8 21. Nc4 Rbd8
22. Bf1 Qc8 23. Na3 Bb8 24. Nd2 Bh3 25. Be2 Bg4 26. Ndc4 Bxe2 27. Qxe2 Nd5 28.
Qf3 Rd7 29. d4 cxd4 30. cxd4 Qd8 31. Nb5 exd4 32. Nxd4 Nxd4 33. Bxd4 Bc7 34.
Rcd1 Nb4 35. Be3 Nd5 36. Rd3 Nxe3 37. Rdxe3 Bd6 38. Qh5 Qb8 39. Qb5 Rdd8 40.
Nxb6 Bb4 41. Rf1 Rf7 42. Nc4 Rb7 43. Qh5 Rbd7 44. Re4 Rd5 45. Re8+ Rxe8 46.
Qxd5 Rd8 47. Qh5 g6 48. Qf3 Kg7 49. Rd1 Rxd1+ 50. Qxd1 Qb7 51. Qd3 h5 52. h4
Qc6 53. Qd8 Qf3 54. Qc7+ Kh6 55. Qd8 Kh7 56. Ne3 Be1 57. Qc7+ Kh8 58. Qc2 Kg7
59. Ng2 Bb4 60. Nf4 f5 61. Qc7+ Kg8 62. Qc8+ Kg7 63. Qd7+ Kf6 64. Qe6+ Kg7 65.
Qxg6+ Kh8 66. Qxf5 1-0

[Event "ENCI Limburg-open A"]
[Site "Maastricht"]
[Date "2012.05.25"]
[Round "1"]
[White "Clemens, Adrian HP"]
[Black "Bok, Benjamin"]
[Result "0-1"]
[WhiteElo "2245"]
[BlackElo "2502"]
[PlyCount "76"]
[EventDate "2012.05.25"]
[EventType "swiss"]
[EventRounds "7"]
[EventCountry "NED"]
[Source "P.Boonen"]
[SourceDate "2013.01.01"]

1. d4 Nf6 2. c4 b6 3. f3 Nc6 4. e4 e5 5. d5 Nd4 6. Ne2 c5 7. Nxd4 cxd4 8. Bd3
Be7 9. O-O d6 10. Na3 O-O 11. Nc2 Nd7 12. b4 a5 13. a3 Qc7 14. bxa5 Rxa5 15.
Nb4 Bb7 16. Bd2 Nc5 17. Bc2 Rfa8 18. Bc1 Qd8 19. g3 Bg5 20. f4 Bf6 21. Ra2 exf4
22. gxf4 Qe7 23. Qf3 Re8 24. Re1 g6 25. Bd2 Raa8 26. Re2 Bg7 27. Re1 Rac8 28.
Kg2 Qd7 29. Kg1 Qc7 30. Nd3 Ba6 31. Nxc5 Qxc5 32. Bb4 Qxc4 33. Bb3 Qb5 34. e5
dxe5 35. d6 e4 36. d7 exf3 37. Rxe8+ Rxe8 38. dxe8=Q+ Qxe8 0-1

[Event "ENCI Limburg-open A"]
[Site "Maastricht"]
[Date "2012.05.25"]
[Round "1"]
[White "De Wit, Albert"]
[Black "Bus, Tom"]
[Result "1/2-1/2"]
[WhiteElo "2042"]
[BlackElo "2138"]
[PlyCount "32"]
[EventDate "2012.05.25"]
[EventType "swiss"]
[EventRounds "7"]
[EventCountry "NED"]
[Source "P.Boonen"]
[SourceDate "2013.01.01"]

1. e4 c5 2. c3 d5 3. exd5 Qxd5 4. d4 g6 5. Na3 Bg7 6. Be3 cxd4 7. Nb5 Na6 8.
Nf3 Nf6 9. Bxd4 O-O 10. Be2 Bg4 11. a4 Rfd8 12. O-O Nh5 13. h3 Be6 14. Bxg7
Kxg7 15. Qd4+ Qxd4 16. Nfxd4 Bd5 1/2-1/2

[Event "ENCI Limburg-open A"]
[Site "Maastricht"]
[Date "2012.05.25"]
[Round "1"]
[White "Ducarmon, Quinten"]
[Black "Harff, Wilfried"]
[Result "1-0"]
[WhiteElo "2368"]
[BlackElo "2187"]
[PlyCount "41"]
[EventDate "2012.05.25"]
[EventType "swiss"]
[EventRounds "7"]
[EventCountry "NED"]
[Source "P.Boonen"]
[SourceDate "2013.01.01"]

1. e4 c5 2. Nf3 Nc6 3. Nc3 d6 4. d4 cxd4 5. Nxd4 e5 6. Ndb5 a6 7. Na3 Nf6 8.
Bg5 Be7 9. Nc4 b5 10. Bxf6 gxf6 11. Ne3 Be6 12. Ncd5 Rc8 13. c3 Bf8 14. Qh5
Bxd5 15. Nxd5 Bg7 16. Be2 Ne7 17. Ne3 Rc6 18. Bg4 d5 19. exd5 Nxd5 20. Rd1 Rc5
21. Be6 1-0

[Event "ENCI Limburg-open A"]
[Site "Maastricht"]
[Date "2012.05.25"]
[Round "1"]
[White "Favier, Alain"]
[Black "Boer, Alef"]
[Result "0-1"]
[WhiteElo "2053"]
[BlackElo "2153"]
[PlyCount "66"]
[EventDate "2012.05.25"]
[EventType "swiss"]
[EventRounds "7"]
[EventCountry "NED"]
[Source "P.Boonen"]
[SourceDate "2013.01.01"]

1. d4 d5 2. c4 c6 3. Nf3 Nf6 4. Nc3 e6 5. g3 Nbd7 6. Bg2 dxc4 7. O-O b5 8. Ne5
Nxe5 9. dxe5 Nd5 10. Ne4 Bb7 11. Nd6+ Bxd6 12. exd6 e5 13. e4 Nb4 14. Qg4 O-O
15. Bh6 Qf6 16. Be3 Qxd6 17. f4 Nc2 18. Bf2 Nxa1 19. Rxa1 Rfd8 20. fxe5 Qxe5
21. Rf1 Qxb2 22. Be3 Bc8 23. Qh5 Be6 24. Bf4 Rd2 25. Bf3 f6 26. e5 Rd5 27. Kh1
Rxe5 28. Bxe5 Qxe5 29. Qxe5 fxe5 30. Bxc6 Rb8 31. Re1 c3 32. Rxe5 c2 33. Rc5
Bc4 0-1

[Event "ENCI Limburg-open A"]
[Site "Maastricht"]
[Date "2012.05.25"]
[Round "1"]
[White "Gengler, Pierre"]
[Black "Hoegener, Claude"]
[Result "1-0"]
[WhiteElo "2153"]
[BlackElo "2051"]
[PlyCount "71"]
[EventDate "2012.05.25"]
[EventType "swiss"]
[EventRounds "7"]
[EventCountry "NED"]
[Source "P.Boonen"]
[SourceDate "2013.01.01"]

1. d4 Nf6 2. c4 e6 3. Nc3 Bb4 4. e3 O-O 5. Bd3 d5 6. Nge2 c5 7. O-O Nc6 8. cxd5
Nxd5 9. e4 Nde7 10. a3 Bxc3 11. bxc3 cxd4 12. cxd4 Nxd4 13. Nxd4 Qxd4 14. Be3
Qc3 15. Rc1 Qa5 16. e5 Nf5 17. Bc5 Rd8 18. g4 Nh6 19. Bd6 b6 20. Be4 Ba6 21.
Bxa8 Rxa8 22. Qf3 Qd5 23. Qxd5 exd5 24. Rfd1 Bc4 25. h3 f5 26. Rd4 fxg4 27.
hxg4 b5 28. e6 Re8 29. Re1 g5 30. Re5 Kg7 31. Rxg5+ Kf6 32. Re5 Ng8 33. e7 Kg6
34. g5 h6 35. gxh6 Nxh6 36. Re6+ 1-0

[Event "ENCI Limburg-open A"]
[Site "Maastricht"]
[Date "2012.05.25"]
[Round "1"]
[White "Goudriaan, Etienne"]
[Black "Esser, Norbert"]
[Result "1-0"]
[WhiteElo "2321"]
[BlackElo "2175"]
[PlyCount "58"]
[EventDate "2012.05.25"]
[EventType "swiss"]
[EventRounds "7"]
[EventCountry "NED"]
[Source "P.Boonen"]
[SourceDate "2013.01.01"]

1. d4 Nf6 2. c4 e6 3. Nc3 Bb4 4. Nf3 O-O 5. Bg5 h6 6. Bh4 Bxc3+ 7. bxc3 d6 8.
Nd2 b6 9. e4 e5 10. Bd3 Nc6 11. d5 Na5 12. Nb3 Nb7 13. Qf3 g5 14. Bg3 a5 15. h4
a4 16. hxg5 hxg5 17. Nd4 Bg4 18. Qe3 Nh5 19. Nf5 Nf4 20. Kd2 Nxg2 21. Nh6+ Kg7
22. Bxe5+ dxe5 23. Qg3 Qf6 24. Nxg4 Qf4+ 25. Ke2 Nh4 26. Nxe5 Ng6 27. Nf3 Qxg3
28. fxg3 g4 29. Nd4 Ne5 1-0

[Event "ENCI Limburg-open A"]
[Site "Maastricht"]
[Date "2012.05.25"]
[Round "1"]
[White "Hamblok, Roel"]
[Black "Ernst, Sipke"]
[Result "0-1"]
[WhiteElo "2260"]
[BlackElo "2554"]
[PlyCount "80"]
[EventDate "2012.05.25"]
[EventType "swiss"]
[EventRounds "7"]
[EventCountry "NED"]
[Source "P.Boonen"]
[SourceDate "2013.01.01"]

1. d4 d5 2. Bf4 c5 3. e3 Nc6 4. c3 Nf6 5. Nd2 g6 6. Ngf3 Bg7 7. Bd3 O-O 8. a3
Nd7 9. Bg5 h6 10. Bh4 Qb6 11. b4 cxd4 12. cxd4 e5 13. b5 Na5 14. dxe5 Nxe5 15.
Nxe5 Bxe5 16. Rb1 Be6 17. O-O Nc4 18. Nf3 Bg7 19. a4 Nb2 20. Qb3 Nxd3 21. Qxd3
Bf5 22. Qxd5 Bxb1 23. Rxb1 Rac8 24. h3 Rc5 25. Qd2 Rfc8 26. Rd1 Qe6 27. Qa5 a6
28. Rd8+ Kh7 29. Rxc8 Qxc8 30. Qb4 axb5 31. axb5 Rc1+ 32. Kh2 Qc4 33. Qe7 Qc7+
34. Qxc7 Rxc7 35. b6 Rc6 36. Bd8 Bf8 37. Nd4 Bd6+ 38. g3 Rc8 39. Bf6 Bc5 40.
Kg2 Bxb6 0-1

[Event "ENCI Limburg-open A"]
[Site "Maastricht"]
[Date "2012.05.25"]
[Round "1"]
[White "Henrichs, Thomas"]
[Black "Mueer, Sebastian"]
[Result "1-0"]
[WhiteElo "2483"]
[BlackElo "2237"]
[PlyCount "67"]
[EventDate "2012.05.25"]
[EventType "swiss"]
[EventRounds "7"]
[EventCountry "NED"]
[Source "P.Boonen"]
[SourceDate "2013.01.01"]

1. d4 Nf6 2. c4 c5 3. d5 e6 4. Nc3 exd5 5. cxd5 d6 6. Nf3 g6 7. Bf4 a6 8. a4
Bg7 9. h3 O-O 10. e3 Qe7 11. Nd2 Nbd7 12. Nc4 Ne8 13. Be2 f5 14. O-O Rb8 15.
Bh2 g5 16. Re1 Ne5 17. Nb6 f4 18. exf4 gxf4 19. Nxc8 Rxc8 20. Bg4 Rc7 21. a5
Kh8 22. Ra4 c4 23. Re4 Qg5 24. f3 Nd3 25. Qe2 Nf6 26. Rexc4 Rxc4 27. Rxc4 Nxg4
28. hxg4 Bxc3 29. bxc3 Ne5 30. Rb4 Nxg4 31. fxg4 f3 32. gxf3 Qc1+ 33. Kg2 Qxc3
34. Bxd6 1-0

[Event "ENCI Limburg-open A"]
[Site "Maastricht"]
[Date "2012.05.25"]
[Round "1"]
[White "Henrichs, Wenke"]
[Black "Roufs, Gerard"]
[Result "1/2-1/2"]
[WhiteElo "2092"]
[BlackElo "2002"]
[PlyCount "125"]
[EventDate "2012.05.25"]
[EventType "swiss"]
[EventRounds "7"]
[EventCountry "NED"]
[Source "P.Boonen"]
[SourceDate "2013.01.01"]

1. d4 d5 2. c4 dxc4 3. Nf3 Nf6 4. e3 e6 5. Bxc4 c5 6. O-O a6 7. Qe2 b5 8. Bd3
Bb7 9. Rd1 cxd4 10. Nxd4 Nbd7 11. Nd2 Be7 12. a4 Nc5 13. Bc2 Nxa4 14. Nxb5 O-O
15. Nf3 Qb6 16. Nc3 Nxc3 17. bxc3 Qc7 18. Bb2 a5 19. Nd4 Be4 20. Ba4 Bd6 21. h3
Bc5 22. c4 Qb6 23. Nb3 Be7 24. Bc3 Bb4 25. Bd4 Qb7 26. Bxf6 gxf6 27. Rd7 Qb6
28. Qg4+ Bg6 29. h4 Kh8 30. Qf3 Kg7 31. h5 Bc2 32. Rc1 Bxb3 33. Bxb3 h6 34.
Rcd1 Bc5 35. Rb7 Qa6 36. Rdd7 Ra7 37. Qg4+ Kh8 38. Rxa7 Bxa7 39. Bc2 Bb8 40.
Qe4 f5 41. Qd4+ Kg8 42. c5 Qe2 43. Qd1 Qc4 44. e4 Qxc5 45. exf5 exf5 46. Rd5
Qc7 47. g3 Rc8 48. Bxf5 Rf8 49. Qg4+ Kh8 50. Be4 Qc3 51. Qf5 Qg7 52. Kg2 a4 53.
Ra5 Rg8 54. Qf3 Qb2 55. Ra8 a3 56. Qxa3 Qxa3 57. Rxa3 Kg7 58. Rb3 Bd6 59. Rb7
Re8 60. Bd5 Re7 61. Rb3 Be5 62. f4 Bd4 63. Rd3 1/2-1/2

[Event "ENCI Limburg-open A"]
[Site "Maastricht"]
[Date "2012.05.25"]
[Round "1"]
[White "Hetey, Laszlo"]
[Black "Balje, Jan"]
[Result "1-0"]
[WhiteElo "2345"]
[BlackElo "2175"]
[PlyCount "69"]
[EventDate "2012.05.25"]
[EventType "swiss"]
[EventRounds "7"]
[EventCountry "NED"]
[Source "P.Boonen"]
[SourceDate "2013.01.01"]

1. d4 d5 2. Nf3 Nf6 3. c4 c6 4. Nc3 dxc4 5. a4 Bf5 6. Nh4 e6 7. Nxf5 exf5 8. e3
Bb4 9. Bxc4 O-O 10. O-O a5 11. h3 h5 12. Qf3 g6 13. Rd1 Nbd7 14. Qg3 Kg7 15.
Bd3 Qb8 16. Qh4 Re8 17. f3 Nd5 18. Nxd5 cxd5 19. e4 fxe4 20. fxe4 dxe4 21. Bxe4
Be7 22. Qf4 Qxf4 23. Bxf4 Bg5 24. Bxg5 Rxe4 25. Rac1 Ra6 26. Rc7 Rd6 27. Rxb7
Rexd4 28. Rxd4 Rxd4 29. Be3 Re4 30. Kf2 Ne5 31. b3 Nc6 32. Bd2 Nd4 33. Bxa5
Re2+ 34. Kf1 Re3 35. Bb6 1-0

[Event "ENCI Limburg-open A"]
[Site "Maastricht"]
[Date "2012.05.25"]
[Round "1"]
[White "Hovhanisian, Mher"]
[Black "Brustkern, Juergen"]
[Result "1/2-1/2"]
[WhiteElo "2492"]
[BlackElo "2244"]
[PlyCount "58"]
[EventDate "2012.05.25"]
[EventType "swiss"]
[EventRounds "7"]
[EventCountry "NED"]
[Source "P.Boonen"]
[SourceDate "2013.01.01"]

1. Nf3 Nc6 2. d4 d5 3. Bf4 Bg4 4. e3 e6 5. c4 Bd6 6. Bxd6 cxd6 7. cxd5 exd5 8.
Qb3 Nge7 9. Nc3 O-O 10. Bd3 Na5 11. Qc2 h6 12. Nd2 Rc8 13. O-O a6 14. b4 Nc4
15. Bxc4 dxc4 16. d5 Bf5 17. e4 Bg6 18. g4 h5 19. gxh5 Bxh5 20. Rae1 Ng6 21.
Re3 Re8 22. Kh1 Qf6 23. Rg3 Qf4 24. f3 Ne5 25. a3 Rc7 26. Ne2 Qe3 27. Nc3 Qf4
28. Ne2 Qe3 29. Nc3 Qd3 1/2-1/2

[Event "ENCI Limburg-open A"]
[Site "Maastricht"]
[Date "2012.05.25"]
[Round "1"]
[White "Jeitz, Christian"]
[Black "Thinius, Marco"]
[Result "1/2-1/2"]
[WhiteElo "2212"]
[BlackElo "2376"]
[PlyCount "69"]
[EventDate "2012.05.25"]
[EventType "swiss"]
[EventRounds "7"]
[EventCountry "NED"]
[Source "P.Boonen"]
[SourceDate "2013.01.01"]

1. e4 e6 2. d4 d5 3. Nc3 Nf6 4. Bg5 Bb4 5. e5 h6 6. Bd2 Bxc3 7. bxc3 Ne4 8. Qg4
Kf8 9. Bd3 Nxd2 10. Kxd2 c5 11. Nf3 Nc6 12. h4 c4 13. Be2 Bd7 14. Qf4 b5 15. a3
a5 16. Rhb1 Rb8 17. h5 Qe7 18. g4 Ke8 19. Qe3 Kd8 20. g5 hxg5 21. Nxg5 Kc7 22.
Nh3 b4 23. axb4 axb4 24. Nf4 bxc3+ 25. Qxc3 Rxb1 26. Rxb1 Ra8 27. Qe3 Ra3 28.
c3 Ra2+ 29. Ke1 Qa3 30. Bf3 Qa5 31. Kf1 Ra3 32. Ne2 Ra1 33. Rxa1 Qxa1+ 34. Kg2
Qa3 35. Qg5 1/2-1/2

[Event "ENCI Limburg-open A"]
[Site "Maastricht"]
[Date "2012.05.25"]
[Round "1"]
[White "Kampman, Tijmen"]
[Black "Kangas, Lauri"]
[Result "0-1"]
[WhiteElo "2116"]
[BlackElo "2027"]
[PlyCount "60"]
[EventDate "2012.05.25"]
[EventType "swiss"]
[EventRounds "7"]
[EventCountry "NED"]
[Source "P.Boonen"]
[SourceDate "2013.01.01"]

1. c4 e6 2. g3 Nf6 3. Bg2 d5 4. Nf3 Be7 5. O-O O-O 6. b3 Nbd7 7. Bb2 b6 8. Qc2
Bb7 9. cxd5 exd5 10. Nd4 c5 11. Nf5 Re8 12. Nxe7+ Qxe7 13. e3 Rac8 14. d3 Ne5
15. Rd1 c4 16. d4 cxb3 17. Qxb3 Nc4 18. Bc3 a5 19. a4 Rc6 20. Be1 Bc8 21. Nd2
Qc7 22. Nxc4 Rxc4 23. Bf1 Bg4 24. Rdb1 Bf5 25. Bxc4 dxc4 26. Qxb6 Qc8 27. Rb5
Be4 28. Re5 Bf3 29. Rxe8+ Nxe8 30. Qb5 h6 0-1

[Event "ENCI Limburg-open A"]
[Site "Maastricht"]
[Date "2012.05.25"]
[Round "1"]
[White "Kirkebo, Carl Peter"]
[Black "Bezemer, Arno"]
[Result "0-1"]
[WhiteElo "2176"]
[BlackElo "2354"]
[PlyCount "72"]
[EventDate "2012.05.25"]
[EventType "swiss"]
[EventRounds "7"]
[EventCountry "NED"]
[Source "P.Boonen"]
[SourceDate "2013.01.01"]

1. e4 c5 2. Nc3 d6 3. f4 g6 4. Nf3 Bg7 5. Bb5+ Bd7 6. Bc4 Nc6 7. O-O Na5 8. Be2
Nf6 9. d3 Nc6 10. Qe1 Nd4 11. Bd1 O-O 12. Qh4 Bg4 13. Nxd4 cxd4 14. Bxg4 dxc3
15. b3 Ne8 16. f5 Nc7 17. Rf3 Bf6 18. Bg5 Bxg5 19. Qxg5 Ne8 20. fxg6 hxg6 21.
Raf1 Qb6+ 22. Kh1 Nc7 23. Qxe7 Rae8 24. Qh4 Qd4 25. Rf6 d5 26. Qg3 Qe5 27. Qf2
Qe7 28. e5 d4 29. Qxd4 Qxe5 30. Qf2 Qe7 31. Qxa7 Nd5 32. R6f3 Qg5 33. Qxb7 Re7
34. Qb5 Re5 35. Rxf7 Rxf7 36. Rxf7 Re1+ 0-1

[Event "ENCI Limburg-open A"]
[Site "Maastricht"]
[Date "2012.05.25"]
[Round "1"]
[White "Kizilkaya, Mehmet"]
[Black "Weber, Tom"]
[Result "0-1"]
[WhiteElo "2201"]
[BlackElo "2373"]
[PlyCount "79"]
[EventDate "2012.05.25"]
[EventType "swiss"]
[EventRounds "7"]
[EventCountry "NED"]
[Source "P.Boonen"]
[SourceDate "2013.01.01"]

1. e4 c5 2. c3 d5 3. exd5 Qxd5 4. d4 Nf6 5. Nf3 Bg4 6. Be2 e6 7. O-O Be7 8. Na3
Nc6 9. Be3 cxd4 10. Nb5 O-O 11. Nfxd4 Bxe2 12. Qxe2 Rfc8 13. Rfd1 Qe5 14. Nxc6
Rxc6 15. Nd4 Rcc8 16. Nf3 Qf5 17. Bd4 Nd5 18. g3 h5 19. c4 Nb4 20. Bc3 Rd8 21.
h4 Nc6 22. Kg2 Qg4 23. Ng1 Qf5 24. Nf3 f6 25. Rxd8+ Rxd8 26. Rd1 Rxd1 27. Qxd1
Qe4 28. b3 Kf7 29. Kg1 e5 30. Nd2 Qg4 31. Qxg4 hxg4 32. Kg2 Ke6 33. Nf1 Bc5 34.
f3 Kf5 35. fxg4+ Kxg4 36. Nh2+ Kf5 37. Kf3 e4+ 38. Ke2 Bg1 39. Nf1 Kg4 40. Bb4
0-1

[Event "ENCI Limburg-open A"]
[Site "Maastricht"]
[Date "2012.05.25"]
[Round "1"]
[White "Lenaerts, Lennert"]
[Black "Goes, Sten"]
[Result "1/2-1/2"]
[WhiteElo "2043"]
[BlackElo "2147"]
[PlyCount "146"]
[EventDate "2012.05.25"]
[EventType "swiss"]
[EventRounds "7"]
[EventCountry "NED"]
[Source "P.Boonen"]
[SourceDate "2013.01.01"]

1. c4 Nf6 2. g3 g6 3. Bg2 Bg7 4. Nc3 O-O 5. e4 d6 6. Nge2 c5 7. O-O Nc6 8. d3
Ne8 9. Be3 Nd4 10. Rb1 a5 11. a3 Bg4 12. f3 Bd7 13. b4 axb4 14. axb4 b6 15.
bxc5 bxc5 16. Bxd4 cxd4 17. Nb5 Qb6 18. Qb3 Nc7 19. Nxc7 Qxc7 20. Qb7 Rfc8 21.
Rb3 Kf8 22. Qxc7 Rxc7 23. Rfb1 Ke8 24. Rb8+ Rc8 25. Rxc8+ Bxc8 26. Rb3 Ra1+ 27.
Kf2 Ra2 28. f4 Kd8 29. h3 h5 30. Kf3 Kc7 31. g4 hxg4+ 32. hxg4 Bxg4+ 33. Kxg4
Rxe2 34. Bf3 Re1 35. Kg3 Rg1+ 36. Kf2 Rc1 37. e5 dxe5 38. Rb7+ Kd6 39. Rb6+ Kd7
40. Rb7+ Ke6 41. Bd5+ Kf5 42. fxe5 Rc2+ 43. Ke1 Bxe5 44. Rxe7 Rc3 45. Be4+ Kg5
46. Ke2 Bf4 47. Bc6 Kg4 48. Re4 Rc2+ 49. Ke1 f5 50. Rxd4 g5 51. Rd5 Kf3 52.
Re5+ Kg4 53. Rd5 Be3 54. Bd7 Kf3 55. Rxf5+ Bf4 56. Bc6+ Ke3 57. Kd1 Rd2+ 58.
Kc1 Rxd3 59. Kc2 Rd6 60. Bd5 Kd4 61. Rf8 Be5 62. Rg8 Bf6 63. Kd2 Ra6 64. Ke2
Ra3 65. Kf2 Rc3 66. Re8 Be5 67. Rg8 Bf4 68. Kg2 Ke5 69. Re8+ Kf6 70. Rf8+ Kg7
71. Rg8+ Kf6 72. Rf8+ Kg7 73. Rg8+ Kf6 1/2-1/2

[Event "ENCI Limburg-open A"]
[Site "Maastricht"]
[Date "2012.05.25"]
[Round "1"]
[White "Mengerink, Ynze"]
[Black "Van Kerkhof, David"]
[Result "0-1"]
[WhiteElo "2137"]
[BlackElo "2288"]
[PlyCount "70"]
[EventDate "2012.05.25"]
[EventType "swiss"]
[EventRounds "7"]
[EventCountry "NED"]
[Source "P.Boonen"]
[SourceDate "2013.01.01"]

1. e4 c5 2. Nc3 Nc6 3. Bb5 g6 4. Bxc6 bxc6 5. d3 Bg7 6. f4 d6 7. Nf3 Nh6 8. O-O
O-O 9. Qe1 f5 10. Bd2 c4 11. d4 Rb8 12. Rb1 fxe4 13. Qxe4 d5 14. Qe2 Bg4 15.
Be3 Nf5 16. Qd2 Bxf3 17. Rxf3 h5 18. Ne2 Kh7 19. Rh3 Bh6 20. Bf2 Nd6 21. Bh4
Ne4 22. Qe3 Qd7 23. b3 Qg4 24. Rf1 Rf7 25. Be1 cxb3 26. axb3 Rbf8 27. Rhf3 h4
28. Ba5 g5 29. Bc7 gxf4 30. Bxf4 Rg7 31. g3 hxg3 32. hxg3 Qh3 33. Bxh6 Nxg3 34.
Qd3+ Kxh6 35. Nxg3 Rxg3+ {.....} 0-1

[Event "ENCI Limburg-open A"]
[Site "Maastricht"]
[Date "2012.05.25"]
[Round "1"]
[White "Mollema, Thomas"]
[Black "Heinichen, Nils"]
[Result "1-0"]
[WhiteElo "1917"]
[BlackElo "2054"]
[PlyCount "59"]
[EventDate "2012.05.25"]
[EventType "swiss"]
[EventRounds "7"]
[EventCountry "NED"]
[Source "P.Boonen"]
[SourceDate "2013.01.01"]

1. e4 c5 2. Nf3 Nc6 3. d4 cxd4 4. Nxd4 e5 5. Ne2 Be7 6. Nbc3 Nf6 7. Ng3 d6 8.
Bc4 a6 9. a4 O-O 10. Nd5 Nxd5 11. Bxd5 Be6 12. c3 Qd7 13. b4 Rac8 14. Be3 Kh8
15. O-O Bd8 16. f4 exf4 17. Bxf4 Bb6+ 18. Kh1 Ne5 19. Bxe5 dxe5 20. c4 Bd4 21.
Ra3 Bxd5 22. cxd5 Rc4 23. Nf5 f6 24. Rh3 g6 25. Nh4 Kg7 26. Qd2 g5 27. Nf5+ Kh8
28. d6 Qxa4 29. Qe2 Rc2 30. Rxh7+ 1-0

[Event "ENCI Limburg-open A"]
[Site "Maastricht"]
[Date "2012.05.25"]
[Round "1"]
[White "Nabuurs, Joep"]
[Black "Leenhouts, Koen"]
[Result "1/2-1/2"]
[WhiteElo "2216"]
[BlackElo "2384"]
[PlyCount "120"]
[EventDate "2012.05.25"]
[EventType "swiss"]
[EventRounds "7"]
[EventCountry "NED"]
[Source "P.Boonen"]
[SourceDate "2013.01.01"]

1. e4 d6 2. d4 Nf6 3. Nc3 e5 4. Nf3 Nbd7 5. Bc4 Be7 6. O-O O-O 7. Re1 a6 8. a4
b6 9. Nd5 Bb7 10. b3 Re8 11. dxe5 Nxe5 12. Nxe5 dxe5 13. Nxe7+ Qxe7 14. Ba3 c5
15. Bd5 Bxd5 16. exd5 Qd6 17. c4 Nd7 18. Rc1 f5 19. Qd2 e4 20. Bb2 Ne5 21. Bxe5
Rxe5 22. a5 b5 23. Qe3 Rae8 24. cxb5 Rxd5 25. b6 f4 26. Qc3 f3 27. gxf3 Rh5 28.
Qc4+ Kh8 29. Rxe4 Qxh2+ 30. Kf1 Rf8 31. Ke2 Rhf5 32. Rc3 Qh1 33. Ree3 Qa1 34.
Qd3 Rh5 35. b7 Rh1 36. f4 Qf1+ 37. Kf3 Qh3+ 38. Ke2 Qf1+ 39. Kf3 Rh3+ 40. Ke4
Qg2+ 41. f3 Qg6+ 42. Kd5 Qf7+ 43. Kxc5 Qxb7 44. Qd6 Rh5+ 45. Kd4 Rhf5 46. Rc7
Qb5 47. b4 Rxf4+ 48. Kc3 Rxf3 49. Rxf3 Rxf3+ 50. Kb2 Qe8 51. Qe7 Qg8 52. Kc1
Rf1+ 53. Kb2 Rf2+ 54. Kc1 Rf8 55. Qe5 Re8 56. Qc3 Qf8 57. Qd4 h5 58. Rc5 Qf1+
59. Kb2 Re2+ 60. Ka3 Qf3+ 1/2-1/2